000 00687nam a2200121Ia 4500
008 220620s9999||||xx |||||||||||||| ||und||
245 0 _aGood Research Practice in Non-Clinical Pharmacology and Biomedicine
546 _aEnglish[eng]
650 _aPharmacology/Toxicology||Neurosciences||Cardiology||Oncology||Pharmacology||Neuroscience||Internal Medicine||reproducibility||study design||data analysis||data reporting||data integrity||quality management||open access||Cardiovascular medicine
700 _aBespalov, Anton||Michel, Martin C.||Steckler, Thomas
856 _uhttps://library.oapen.org/bitstream/20.500.12657/39569/1/2020_Book_GoodResearchPracticeInNon-Clin.pdf
942 _cEB
999 _c25038
_d25038